Zelená pre zelené kancelárie

Tipy ako správne a efektívne nastaviť celý rad procesov pri jednotlivých zariadeniach, na ktorých môže firma ušetriť. Environmentálne správanie zamestnancov a zelené kancelárie.

Guardado en:
Detalles Bibliográficos
Autor principal: Chomová, Katarína, 1983-
Formato: Capítulo de libro
Lenguaje:eslovaco
Materias:
Etiquetas: Agregar Etiqueta
Sin Etiquetas, Sea el primero en etiquetar este registro!

MARC

LEADER 00000naa a2200000 4500
001 0157790
005 20240502072743.6
041 0 |a slo 
044 |a SK 
245 1 0 |a Zelená pre zelené kancelárie  |c Katarína Chomová 
520 |a Tipy ako správne a efektívne nastaviť celý rad procesov pri jednotlivých zariadeniach, na ktorých môže firma ušetriť. Environmentálne správanie zamestnancov a zelené kancelárie. 
610 2 0 |a marketing environmentálny 
610 2 0 |a produkty environmentálne 
610 2 0 |a efektívnosť ekonomická 
610 2 0 |a zodpovednosť spoločenská 
100 1 |a Chomová, Katarína, 1983-